[Event "Ruhrgebiet Verbandsklasse Gruppe 1 1819"]
[Site "Nordrheinwestfalen"]
[Date "2019.03.10"]
[Round "7.7"]
[White "Brinkmann, Uwe"]
[Black "Dreckmann, Guenter"]
[Result "1/2-1/2"]
[WhiteElo "1931"]
[BlackElo "1605"]
[PlyCount "116"]
[EventDate "2018.09.23"]
[EventType "team-tourn"]
[EventRounds "9"]
[EventCountry "GER"]
[SourceTitle "EXT 2022"]
[Source "ChessBase"]
[SourceDate "2021.10.06"]
[SourceVersion "1"]
[SourceVersionDate "2021.10.06"]
[SourceQuality "1"]
[WhiteTeam "Guennigfeld SV"]
[BlackTeam "Haltern"]
[WhiteTeamCountry "GER"]
[BlackTeamCountry "GER"]

1. d4 Nf6 2. Nf3 e6 3. c4 c5 4. Nc3 g6 5. Bf4 Bg7 6. dxc5 Qa5 7. Qd2 Qxc5 8. e4 d5 9. cxd5 exd5 10. exd5 0-0 11. Be2 Rd8 12. Rd1 Na6 13. 0-0 Nb4 14. Be3 Qa5 15. Bc4 Be6 16. dxe6 Rxd2 17. exf7+ Kh8 18. Rxd2 Nc6 19. Rfd1 Ng4 20. Bf4 Nf6 21. Bb3 h6 22. Re2 Rd8 23. Rde1 Bf8 24. Re6 Qf5 25. Nh4 Qg4 26. Bg3 Kg7 27. h3 Qg5 28. Nf3 Qf5 29. a3 Nh5 30. Nh4 Qxf7 31. Rxg6+ Qxg6 32. Nxg6 Kxg6 33. Rd1 Rxd1+ 34. Bxd1 Nxg3 35. fxg3 Na5 36. Be2 Kf5 37. Kf2 Bc5+ 38. Kf3 Nc6 39. Bd3+ Ke5 40. Ne2 Nd4+ 41. Nxd4 Bxd4 42. b3 Bb2 43. a4 Bd4 44. Kg4 Kf6 45. Kf4 Bb2 46. Ke4 Be5 47. g4 Bh2 48. Kd5 Kg5 49. a5 Kf6 50. Be4 Bf4 51. Kc5 Be3+ 52. Kb5 b6 53. a6 Ke5 54. Bf3 Kd6 55. Kc4 Ke5 56. b4 Bf2 57. b5 Bg3 58. Bb7 Bf2 1/2-1/2

[Event "Ruhrgebiet Verbandsklasse Gruppe 1 1819"]
[Site "Nordrheinwestfalen"]
[Date "2018.12.02"]
[Round "4.6"]
[White "Brinkmann, Uwe"]
[Black "Doehmann, Joerg"]
[Result "1-0"]
[WhiteElo "1931"]
[BlackElo "1717"]
[PlyCount "85"]
[EventDate "2018.09.23"]
[EventType "team-tourn"]
[EventRounds "9"]
[EventCountry "GER"]
[SourceTitle "EXT 2022"]
[Source "ChessBase"]
[SourceDate "2021.10.06"]
[SourceVersion "1"]
[SourceVersionDate "2021.10.06"]
[SourceQuality "1"]
[WhiteTeam "Guennigfeld SV"]
[BlackTeam "Wattenscheid SV III"]
[WhiteTeamCountry "GER"]
[BlackTeamCountry "GER"]

1. d4 d5 2. Nf3 Nf6 3. Bf4 e6 4. e3 Bd6 5. Bg3 0-0 6. Nbd2 b6 7. Bd3 Bb7 8. Ne5 Ne4 9. Qh5 g6 10. Qh6 Qg5 11. Qxg5 Nxg5 12. Nef3 Nxf3+ 13. Nxf3 Bxg3 14. hxg3 f6 15. 0-0-0 Nc6 16. Rh6 Kg7 17. Rdh1 Rh8 18. c3 Ne7 19. g4 Ng8 20. R6h4 Ne7 21. g5 f5 22. Ne5 Rad8 23. Bb5 c6 24. Ba4 b5 25. Bc2 Nc8 26. Nd3 Nd6 27. Nc5 Bc8 28. f4 Nf7 29. Bd1 h6 30. gxh6+ Rxh6 31. g4 Rxh4 32. Rxh4 Rh8 33. Rxh8 Nxh8 34. g5 Nf7 35. Be2 Nd6 36. Kc2 Kf8 37. Kb3 Ke7 38. Kb4 Kd8 39. a4 bxa4 40. Kxa4 Kc7 41. Ka5 Nb7+ 42. Nxb7 Bxb7 43. Bh5 1-0

[Event "Ruhrgebiet Verbandsklasse Gruppe 1 1617"]
[Site "Germany"]
[Date "2016.11.27"]
[Round "4.6"]
[White "Bartelt, Max Peter"]
[Black "Brinkmann, Uwe"]
[Result "1-0"]
[WhiteElo "1701"]
[BlackElo "1975"]
[PlyCount "55"]
[EventDate "2016.09.04"]
[EventType "team-tourn"]
[EventRounds "9"]
[EventCountry "GER"]
[SourceTitle "EXT 2022"]
[Source "ChessBase"]
[SourceDate "2021.10.06"]
[SourceVersion "1"]
[SourceVersionDate "2021.10.06"]
[SourceQuality "1"]
[WhiteTeam "Muelheim Nord IV"]
[BlackTeam "Guennigfeld SV"]
[WhiteTeamCountry "GER"]
[BlackTeamCountry "GER"]

1. Nf3 Nf6 2. d4 d5 3. b3 g6 4. Bb2 Bg7 5. Nbd2 0-0 6. g3 Nbd7 7. Bg2 c5 8. 0-0 cxd4 9. Bxd4 Re8 10. c4 e5 11. Bb2 e4 12. Nd4 Ne5 13. cxd5 Qxd5 14. Qc2 Bf5 15. Nxf5 gxf5 16. Bxe5 Qxe5 17. Nc4 Qe6 18. Rad1 b5 19. Nd6 Red8 20. Nxb5 Rxd1 21. Rxd1 Rc8 22. Qd2 Qb6 23. Nd4 Ng4 24. e3 Rd8 25. Qc1 Bxd4 26. exd4 Rxd4 27. Qc8+ Kg7 28. Qc3 1-0

[Event "Ruhrgebiet Verbandsliga1 1112"]
[Site "Nordrheinwestfalen"]
[Date "2012.04.22"]
[Round "9.8"]
[White "Zemskyi, Evgen"]
[Black "Brinkmann, Uwe"]
[Result "1-0"]
[WhiteElo "1819"]
[BlackElo "1936"]
[PlyCount "37"]
[EventDate "2012.09.18"]
[EventType "team-tourn"]
[EventRounds "9"]
[EventCountry "GER"]
[SourceTitle "EXT 2020"]
[Source "ChessBase"]
[SourceDate "2019.10.17"]
[SourceVersion "1"]
[SourceVersionDate "2019.10.17"]
[SourceQuality "1"]
[WhiteTeam "Horst Emscher II"]
[BlackTeam "Gerthe Werne"]
[WhiteTeamCountry "GER"]
[BlackTeamCountry "GER"]

1. d4 d5 2. Nf3 Nf6 3. c4 dxc4 4. Nc3 e6 5. e4 Nbd7 6. Bxc4 c5 7. 0-0 cxd4 8. Nxd4 a6 9. Qa4 Rb8 10. Bxe6 fxe6 11. Nxe6 Qb6 12. Nd5 Nxd5 13. exd5 Bd6 14. Nxg7+ Kf7 15. Nf5 Be5 16. Nh6+ Kf8 17. Re1 Qd4 18. Qa3+ Ke8 19. Nf5 1-0